[Event "Astana Zhuldyzdary Open A"]
[Site "Astana KAZ"]
[Date "2023.07.18"]
[Round "10.49"]
[White "Maevsky, Nikolay"]
[Black "Kaliakhmet, Elnaz"]
[Result "0-1"]
[WhiteTitle "FM"]
[BlackTitle "WFM"]
[WhiteElo "2277"]
[BlackElo "1818"]
[WhiteFideId "4198220"]
[BlackFideId "13730169"]
[EventDate "2023.07.11"]

1. c4 c5 2. Nc3 Nc6 3. g3 g6 4. Bg2 Bg7 5. a3 Nf6 6. Rb1 O-O 7. b4 d6 8. b5 Ne5
9. d3 Rb8 10. Bd2 b6 11. f4 Ned7 12. Nf3 e5 13. O-O Bb7 14. e4 exf4 15. gxf4 Nh5
16. Qc2 f5 17. Ng5 Qf6 18. Nd5 Bxd5 19. cxd5 c4 20. dxc4 fxe4 21. Nxe4 Qh4 22.
Be1 Qg4 23. Qd1 Qxd1 24. Rxd1 Nxf4 25. Nxd6 Nc5 26. Bh4 Ncd3 27. Rd2 Bd4+ 28.
Kh1 Be3 29. Rc2 g5 30. Bg3 Rbd8 31. Ne4 Rde8 32. Nc3 h5 33. h4 g4 34. Kh2 Bd4
35. Nd1 Be5 36. Be4 Nc5 37. Bg2 Ncd3 38. Rd2 Nxg2 39. Rxf8+ Rxf8 40. Rxd3 Nxh4
41. Bxe5 Nf3+ 42. Rxf3 Rxf3 43. Nc3 Kf7 44. Ne4 Re3 45. Nd6+ Kg6 46. Bf4 Rf3 47.
Bg3 h4 48. Bxh4 Rh3+ 49. Kg2 Rxh4 50. Kg3 Kh5 51. Ne4 Rh3+ 52. Kf4 Rf3+ 53. Ke5
Kg6 54. d6 Rd3 55. Kf4 g3 56. Nxg3 Rxd6 57. Ke4 Kf6 58. Nh5+ Ke6 59. Nf4+ Kd7
60. Nd3 Re6+ 61. Kd5 Rd6+ 62. Ke4 Re6+ 63. Kd5 Re3 64. Kd4 Rh3 65. c5 bxc5+ 66.
Nxc5+ Kc7 67. a4 Kb6 68. Nd7+ Ka5 69. Kc5 Rc3+ 70. Kd4 Rc2 71. Kd5 Rc7 72. Nc5
Kb6 73. Ne4 Rc1 74. Nd6 Rd1+ 75. Ke5 Ra1 76. Nc8+ Kb7 77. Nd6+ Kc7 78. a5 Rxa5
79. Kd5 Ra1 80. Kc5 Rh1 81. Nc4 Rh5+ 82. Kb4 Rg5 83. Ka4 Kd7 84. Ka5 Kc7 85. Kb4
Rg1 86. Kc5 Rb1 87. Na5 Ra1 88. Nc4 Ra4 89. Nb2 Ra1 90. Nc4 Rb1 91. Na5 Rc1+ 92.
Nc4 Kd7 93. Kd5 Rc2 94. Ne5+ Kc7 95. Nc4 Rc1 96. Kc5 Kd7 97. Kd5 Rh1 98. Kc5
Rh5+ 99. Kb4 Ke6 100. Nb2 Kd5 101. Na4 Kd4 102. Nc3 Rh4 103. Na4 Rh5 104. Nc3
Rh1 105. Ne2+ Ke3 106. Nc3 Kd3 107. Nd5 Rh4+ 108. Ka5 Kc4 109. Nc7 Rh6 110. Na6
Rb6 111. Nc7 Rb7 112. Ne8 Kc5 113. Ka6 Re7 114. b6 axb6 115. Nc7 Re1 116. Kb7 b5 0-1

[Event "Astana Zhuldyzdary Open A"]
[Site "Astana KAZ"]
[Date "2023.07.18"]
[Round "10.51"]
[White "Tleukhanov, Yerlan"]
[Black "Volchkova, Alena"]
[Result "1/2-1/2"]
[WhiteElo "1853"]
[BlackElo "1824"]
[WhiteFideId "13749692"]
[BlackFideId "54104408"]
[EventDate "2023.07.11"]

1. e4 c5 2. Nf3 d6 3. d4 cxd4 4. Nxd4 Nf6 5. Nc3 g6 6. Be3 Bg7 7. f3 O-O 8. Qd2
Nc6 9. g4 Be6 10. O-O-O Ne5 11. g5 Nh5 12. f4 Nc4 13. Nxe6 Nxd2 14. Nxd8 Nxf1
15. Rhxf1 Rfxd8 16. Rd3 Bxc3 17. Rxc3 Rac8 18. Kd2 b6 19. a4 Ng7 20. Rxc8 Rxc8
21. Kd3 d5 22. exd5 Nf5 23. Bf2 Rd8 24. c4 e6 25. Rd1 exd5 26. Kc3 Nd6 27. Kb4
dxc4 28. a5 bxa5+ 29. Ka4 Rd7 30. Rd5 Kf8 31. Bc5 Ke7 32. Kxa5 Rd8 33. Kb4 Ke6
34. Re5+ Kd7 35. Bxa7 Ra8 1/2-1/2